Natty or Not - Statistics

General Stats
  • This quiz has been taken 2,180 times
  • The average score is 8 of 15
Answer Stats
Question Answer % Correct
Arnold Schwarzenegger Not Natty
83%
Jeff Nippard Natty
79%
Jessie James West Natty
78%
Mike O Hearn Not Natty
78%
Jeff Seid Not Natty
73%
David Laid Not Natty
68%
Brad Castleberry Not Natty
54%
Simeon panda Not Natty
46%
Sean Nalewanyj Natty
43%
Andrew Tate Not Natty
41%
James English Not Natty
39%
William Li Not Natty
37%
Dylan Mcknight Natty
31%
Kenny Ko Natty
23%
Vince sant Natty
22%
No matching quizzes found
Score Distribution
Percent of People with Each Score
Percentile by Number Answered
Your Score History
You have not taken this quiz